|
|
|
|
| LEADER |
00000nam a22000005a 4500 |
| 001 |
vtls010174914 |
| 003 |
SK-MaSNL |
| 005 |
20260301172714.0 |
| 008 |
251031s2009 xr oa f 001 0 slo |
| 015 |
|
|
|a SNBZSA2011-00724
|
| 020 |
|
|
|a 9788073606725
|q (viaz.)
|
| 035 |
|
|
|a urn:nbn:sk:snk-am00djst
|
| 035 |
|
|
|a urn:nbn:sk:snk-am3i4in
|
| 035 |
|
|
|a 041305D6-9E7D-4094-9FCC-6ACE6B2C3733
|
| 040 |
|
|
|a SNK
|b slo
|c SNK
|e AACR2
|
| 041 |
1 |
|
|a slo
|h cze
|
| 043 |
|
|
|a e-xr---
|
| 044 |
|
|
|a xr
|c CZ
|
| 072 |
|
7 |
|a 58
|x Botanika
|2 konspekt
|
| 080 |
|
|
|a 582.282/.284
|x (437.3)
|x (084.42)
|2 2001
|
| 080 |
|
|
|a 581.9
|2 2001
|
| 100 |
1 |
|
|a Smotlacha, Miroslav,
|d 1920-2007
|4 aut
|9 202436
|
| 240 |
1 |
0 |
|a Kapesní atlas hub
|l Slovensky
|
| 245 |
1 |
0 |
|a Vreckový atlas húb
|c Miroslav Smotlacha ; [fotografie] Marie a Josef Erhartovi ; preložil Vladimír Babnič]
|
| 246 |
3 |
0 |
|a Atlas hub
|
| 260 |
|
|
|a Praha
|b Ottovo nakladatelství
|c 2009
|
| 300 |
|
|
|a 304 s.
|b ilustr. (prevažne fareb.)
|c 15 cm
|
| 500 |
|
|
|a Reg.
|
| 650 |
0 |
7 |
|a huby
|2 snkph
|9 3562
|
| 650 |
0 |
7 |
|a flóra
|z Česko
|2 snkph
|9 337721
|
| 655 |
|
7 |
|a atlasy
|2 snkph
|9 70424
|
| 700 |
1 |
|
|a Erhartová, Marie,
|d 1937-
|4 pht
|9 234864
|
| 700 |
1 |
|
|a Erhart, Josef,
|d 1923-2009
|4 pht
|9 234863
|
| 700 |
1 |
|
|a Babnič, Vladimír,
|d 1926-2011
|4 trl
|9 13565
|
| 919 |
|
|
|a 978-80-7360-672-5
|
| 958 |
|
|
|a ZS
|
| 958 |
|
|
|a OP
|
| 958 |
|
|
|a CZ
|
| 999 |
|
|
|c 834413
|d 836343
|
| 952 |
|
|
|a SNK
|b SNK
|y PREZ
|7 0
|p 17A0674443
|o snkSE 12076
|i snk2010/21313
|8 2
|g 3.30
|0 0
|1 0
|4 0
|d 2010-10-04
|f 1
|l 0
|r 2026-02-24 03:49:27
|w 2026-02-24
|